| 000 | 00653nam a22002177a 4500 | ||
|---|---|---|---|
| 999 |
_c7488 _d7488 |
||
| 003 | OSt | ||
| 005 | 20211116111714.0 | ||
| 008 | 211116b ||||| |||| 00| 0 eng d | ||
| 020 | _a9781847012494 | ||
| 040 | _cDDC | ||
| 082 | _a362.5 LAN 2020 | ||
| 100 |
_aEdited by Jeremy, Linda; Doris, Okenwa; Ian Scoones _915345 |
||
| 245 | _aLand Investment & Politics: reconfiguring eastern Africa's pastoral drylands | ||
| 260 |
_aNew York _bJames Currey _c2020 |
||
| 300 |
_axiv,208p; _bill: _c21.5cm |
||
| 504 | _aReferences, & Index included | ||
| 650 |
_aLands _915346 |
||
| 650 |
_aInvestments _97657 |
||
| 650 |
_aPolitics _95723 |
||
| 942 |
_2ddc _cO_SHELF |
||